| 000 | 00498nam a2200205Ia 4500 | ||
|---|---|---|---|
| 999 |
_c93676 _d93676 |
||
| 003 | 0100 | ||
| 005 | 20190701123325.0 | ||
| 008 | 130307s9999 xx 000 0 und d | ||
| 020 | _a0199245797 | ||
| 040 | _cARRUPELIB | ||
| 050 | _aHB99.3.A575 2002 | ||
| 100 |
_aAlkire, Sabina _946696 |
||
| 245 | _aValuing freedoms | ||
| 245 | _bSen's capability approach and poverty reduction | ||
| 260 |
_aNew York _bOxford University Press _c2002 |
||
| 300 | _ax | ||
| 300 | _b340p. 24cm. | ||
| 650 |
_aWelfare economics _919002 |
||
| 650 |
_aPoverty _xDeveloping countries _921333 |
||
| 942 |
_2lcc _cMONOGRAPH |
||